| 000 | 00342cam a22001337a 4500 | ||
|---|---|---|---|
| 008 | 180718b xxu||||| |||| 00| 0 eng d | ||
| 082 | _aZ23 P288 | ||
| 100 | _aPavaskar, Rama | ||
| 245 |
_aCotton future and farmers _cby Rama Pavaskar |
||
| 260 |
_aBombay _bBy Author _c |
||
| 300 | _a8p. | ||
| 650 | _aCotton- marketing | ||
| 650 | _aCotton farmers | ||
| 999 |
_c492725 _d492725 |
||